Lecce Best Scorer By Year - Statistics

General Stats
  • This quiz has been taken 58 times
    43 since last reset
  • The average score is 4 of 11
Answer Stats
Player % Correct
Nikola Krstović
81%
Mirko Vučinić
77%
Javier Chevantón
54%
Gabriel Strefezza
50%
David Di Michele
42%
Cristiano Lucarelli
27%
Marco Mancosu
23%
Simone Tiribocchi
19%
Pedro Pasculli
15%
Francesco Palmieri
8%
Paolo Baldieri
4%
No matching quizzes found
Score Distribution
Percent of People with Each Score
Percentile by Number Answered
Your Score History
You have not taken this quiz since the last reset